Normal view
MARC view
- Gaiman, Neil,
Entry Nombre Personal
001 - NUMERO DE CONTROL
- campo de control: 34298
003 - IDENTIFICADOR DE NUMERO DE CONTROL
- campo de control: UPN
005 - FECHA Y HORA DE LA ÜLTIMA TRANSACCIÓN
- campo de control: 20210219194451.0
008 - DATOS DE LONGITUD FIJA
- campo de control de longitud fija: nabaccnnaabn|||||||||| b |nc|||||d
035 ## - NUMERO DE CONTROL
- Número de control: UPN11000006405
040 ## - FUENTE DE CATALOGACIÓN
- Lenguaje de catalogación: SPA
- Agencia de transcripción: UPN
053 #4 - NÚMERO DE CLASIFICACIÓN LC
- Número de clasificación elemento-número único o número inicial de tramo: PR6107
- Número de clasificación número de tramo final del elemento: A4.5
100 1# - ENCABEZAMIENTO - NOMBRE PERSONAL
- Nombre personal: Gaiman, Neil,
- Fechas asociadas con el nombre: 1960-
670 ## - FUENTE EN LA QUE SE LOCALIZARON DATOS
- Cita de la fuente: T
- Información localizada: Wikipedia
680 ## - NOTA PUBLICA DE ACCESO PÚBLICO
- Frase explicativa de la referencia: Autor británico de historietas y escritor de fantasía
902 ## - CATALOGADOR
- Catalogador: MCM/311013
